00329 a2200133 450000100060000002000180000604000240002410000290004824000370007724500320011430000090014636200090015565000310016414069 a9788506079775 cAnchieta - Aquarius aAgualusa, José Eduardo10aA rainha dos estapafúdioslpor10aA rainha dos estapafúdios a28p.0 a2016 4aLiteratura infanto-juvenil